Statistics for Open All Hours General Knowledge

Click here to take the quiz!

General Stats

  • This quiz has been taken 22 times
  • The average score is 5 of 10

Answer Stats

QuestionAnswer% Correct
Actor who plays GranvilleDavid Jason
94%
Actor who plays ArkwrightRonnie Barker
89%
TV channel aired onBBC
67%
Children's TV Programme the former stars inCome Outside
56%
Actress who plays nurse GladysLynda Baron
56%
Car Gastric drivesMini
44%
Character Jonny Vegas PlaysEric Agnew
33%
Mrs Featherstone's Reluctant BoyfriendMr Newbold
28%
Year the original aired1973
17%
Series the pilot episode was part ofSeven of One
6%

Score Distribution

Percentile by Number Answered

Percent of People with Each Score

Your Score History

You have not taken this quiz